000 00759nam a2200229Ii 4500
003 JO-AjNU
008 230605s9999||||xx |||||||||||||| ||und||
017 _a1988/5443
020 _a977-133-098-5
040 _aJO-AjNU
_bara
_erda
_cJO-AjNU
041 _aara
050 1 4 _aHV7845.3.A2 1988
100 3 _a بكر، عبد الوهاب ,
_eauthor
_910256
245 0 0 _aالبوليس المصري 1922-1952
250 _aط1
264 3 1 _aالقاهرة: مكتبة المدبولي، 1988
300 _a390ص
_bيحتوي على ملاحق و ببلوغرافية من 361-390ص
336 _atext
_btxt
_2rdacontent
337 _aunmediated
_bn
_2rdamedia
338 _avolume
_bnc
_2rdacarrier
650 4 _aالشرطة - مصر - تاريخ 
_910257
999 _aA1714
_c5282
_d5282